Child development: a practical introduction Ed 2 (Record no. 169611)
[ view plain ]
| 000 -LEADER | |
|---|---|
| fixed length control field | 00616nam a2200229Ia 4500 |
| 003 - CONTROL NUMBER IDENTIFIER | |
| control field | OSt |
| 005 - DATE AND TIME OF LATEST TRANSACTION | |
| control field | 20230410164506.0 |
| 008 - FIXED-LENGTH DATA ELEMENTS--GENERAL INFORMATION | |
| fixed length control field | 210423s2017 xx 000 0 und d |
| 020 ## - INTERNATIONAL STANDARD BOOK NUMBER | |
| International Standard Book Number | 978-1-4739-7569-9 |
| 040 ## - CATALOGING SOURCE | |
| Transcribing agency | AL |
| 041 ## - LANGUAGE CODE | |
| Language code of text/sound track or separate title | eng |
| 082 ## - DEWEY DECIMAL CLASSIFICATION NUMBER | |
| Classification number | 155.4 |
| Edition number | 23 |
| Item number | CROC |
| 100 ## - MAIN ENTRY--PERSONAL NAME | |
| Personal name | CROWLEY (Kevin) |
| 9 (RLIN) | 85734 |
| 245 ## - TITLE STATEMENT | |
| Title | Child development: a practical introduction Ed 2 |
| 250 ## - EDITION STATEMENT | |
| Edition statement | 2 |
| 260 ## - PUBLICATION, DISTRIBUTION, ETC. | |
| Place of publication, distribution, etc. | London |
| Name of publisher, distributor, etc. | Sage Publications |
| Date of publication, distribution, etc. | 2017 |
| 300 ## - PHYSICAL DESCRIPTION | |
| Extent | xiv,305 |
| Other physical details | PB |
| 365 ## - TRADE PRICE | |
| Price amount | 2384.61 |
| Currency code | GBP |
| 650 ## - SUBJECT ADDED ENTRY--TOPICAL TERM | |
| Topical term or geographic name entry element | Child Psychology |
| 9 (RLIN) | 85735 |
| 906 ## - LOCAL DATA ELEMENT F, LDF (RLIN) | |
| a | Child ; development: ; introduction ; practical |
| 942 ## - ADDED ENTRY ELEMENTS (KOHA) | |
| Source of classification or shelving scheme | Dewey Decimal Classification |
| Koha item type | Book |
| Withdrawn status | Lost status | Damaged status | Not for loan | Collection code | Home library | Current library | Date acquired | Source of acquisition | Cost, normal purchase price | Total Checkouts | Total Renewals | Full call number | Barcode | Date last seen | Date last checked out | Price effective from | Koha item type |
|---|---|---|---|---|---|---|---|---|---|---|---|---|---|---|---|---|---|
| Corporate Psychology | St Aloysius PG Library | St Aloysius PG Library | 11/29/2018 | Intact Bookhouse | 2384.61 | 4 | 1 | 155.4 CROC | PG016113 | 10/24/2025 | 10/14/2025 | 04/26/2021 | Book |